| 000 | 00868cam a2200265 a 4500 | ||
|---|---|---|---|
| 001 | 000001877 | ||
| 005 | 20200929145736.0 | ||
| 008 | 000901s2000 sp a b 001 0 spa d | ||
| 020 | _a8441510539 | ||
| 040 |
_aDO-SdBNP _cORX _dMIA _dDLC |
||
| 041 | 1 | 7 |
_aspa _heng _2Código de idioma MARC |
| 082 |
_a006.6 _bR628f |
||
| 100 | 1 |
_aRoame, Tony. _96133 |
|
| 245 | 1 | 0 |
_aFreeHand 9 para Macintosh / _cTony Roame. |
| 260 |
_aMadrid : _bAnaya multimedia, _c2000. |
||
| 300 |
_a319 p. : _bil. ; _c24 cm. |
||
| 500 | _aTítulo original: Macromedia FreeHand 9 authorized | ||
| 504 | _aIncluye referencias bibliográficas | ||
| 504 | _aIncluye índice | ||
| 650 | 4 |
_aGráfico por computador _96134 |
|
| 630 | 0 | 4 |
_aFREEHAND (PROGRAMA PARA COMPUTADOR) _96135 |
| 650 | 4 |
_aPágina web _xDiseño _96136 |
|
| 710 | 2 |
_aMacromedia (Firm) _96137 |
|
| 910 | _aCatalogación por copia / LC | ||
| 999 |
_c1754 _d1754 |
||